000 00678nam a22001817a 4500
003 AM-YeHGA
005 20250617153618.0
008 171115b1948 rus||||| |||| 00| 0 rus d
040 _aAM-YeHGA
100 1 _aТимофеев-Терешкин, Михаил Николаевич
245 1 0 _aПесни борьбы и труда:
_b(Стихи и поэмы)/
_cМ.Н. Тимофеев-Терешкин:
260 _aЯкутск:
_bЯкгиз,
_c1948:
300 _a64 с.
_bпортр.
440 1 _aБиблиотечка якутской Советской литературы
650 1 4 _aРусская литература
942 _2udc
_cBK
090 _c396841
999 _c394803
_d394803